000 00430ntaaa2200169 4500
003 01
005 20251027203120.0
008 0714s1973 ag 01
040 _aAR-BaBN
_bspa
_cAR-BaBN
_eaacr
_dRIC
082 _a220.0130 An2
100 _aAnderson, Bernardo W.
_932720
245 _aLa Biblia vista a vuelo de pájaro.
250 _a1 ed.
260 _aBuenos Aires. :
_bImprenta Metodista,
_c1953
300 _a7 p
942 _cBK
999 _c26610
_d26610